gminy powiatu ostrołęckiego - Statystyki

Ogólne statystyki
  • Ten quiz został rozwiązany 196 razy
  • Średni wynik to 7 z 12
Odpowiedzi na mapie
Odpowiedzi zakodowano w zielono-czerwonej skali na mapie do tego quizu, zgodnie z poniższymi procentami.
 
Statystyki odpowiedzi
Gmina Odpowiedź % Poprawnych
miasto na prawach powiatu Ostrołęka
91%
wiejska Kadzidło
70%
wiejska Rzekuń
68%
miejsko-wiejska Myszyniec
67%
wiejska Olszewo-Borki
58%
wiejska Czerwin
56%
wiejska Goworowo
56%
wiejska Lelis
53%
wiejska Troszyn
47%
wiejska Łyse
46%
wiejska Baranowo
43%
wiejska Czarnia
41%
Nie znaleziono quizów pasujących do podanych kryteriów
Rozkład punktacji
Procent ludzi z każdym wynikiem
Percentyl według liczby udzielonych odpowiedzi
Twoja historia wyników
Nie rozwiązałeś tego quizu